000
00216nam a22000857a 4500
008
160712b xxu||||| |||| 00| 0 eng d
100
_9
2707
_a
NCERT
245
_a
Science Bonanza-X
260
_a
New Delhi
_b
AI Publication
_c
2009
999
_c
2350
_d
2350